Normal view MARC view
  • Pogorzelski, Witold,

Entry Personal Name

Number of records used in: 1

001 - CONTROL NUMBER

  • control field: 153626

003 - CONTROL NUMBER IDENTIFIER

  • control field: TR-AnTOB

005 - DATE AND TIME OF LATEST TRANSACTION

  • control field: 20260413174328.0

008 - FIXED-LENGTH DATA ELEMENTS

  • fixed length control field: 090306n| acannaabn |a aaa c

010 ## - LIBRARY OF CONGRESS CONTROL NUMBER

  • LC control number: no2009035367

035 ## - SYSTEM CONTROL NUMBER

  • System control number: (OCoLC)oca08036705

040 ## - CATALOGING SOURCE

  • Original cataloging agency: WaU
  • Language of cataloging: eng
  • Transcribing agency: WaU

100 1# - HEADING--PERSONAL NAME

  • Personal name: Pogorzelski, Witold,
  • Dates associated with a name: 1895-1963

400 1# - SEE FROM TRACING--PERSONAL NAME

  • Personal name: Pogorzelski, W.
  • Fuller form of name: (Witold),
  • Dates associated with a name: 1895-1963

670 ## - SOURCE DATA FOUND

  • Source citation: Univ. of Ill. Lib. catalog
  • Information found: (hdg.: Pogorzelski, Witold, 1895-1962)

670 ## - SOURCE DATA FOUND

  • Source citation: LC database, Mar. 6, 2009
  • Information found: (hdg.: Pogorzelski, Witold, 1895- ; Pogorzelski, Witold A., 1895-1962 [from old catalog]; Pogorzelski, Witold A., 1895- [from old catalog]; usage: W. Pogorzelski)

670 ## - SOURCE DATA FOUND

  • Source citation: OCLC, Mar. 6, 2009
  • Information found: (hdgs.: Pogorzelski, Witold; Pogorzelski, Witold A.; Pogorzelski, Witold Adam; Pogorzelski, Witold, 1895- ; usage: Witold Pogorzelski; Witold A. Pogorzelski)

670 ## - SOURCE DATA FOUND

  • Source citation: National Union Cat. of Polish Lib., via OCLC, Mar. 6, 2009
  • Information found: (hdgs.: Pogorzelski, Witold (1895-1963); Pogorzelski, Witold Adam; usage: Witold Pogorzelski)

670 ## - SOURCE DATA FOUND

  • Source citation: Polish Wikipedia site, Mar. 6, 2009
  • Information found: (Witold Pogorzelski (b. 1895, d. 13 Jan. 1963); Polish mathematician, professor, Politechnika Warszawska)
Devinim Yazılım Eğitim Danışmanlık tarafından Koha'nın orjinal sürümü uyarlanarak geliştirilip kurulmuştur.